000 00467nam a2200193Ia 4500
005 20240823024525.0
008 240823s9999||||xx |||||||||||||| ||und||
020 _a978-81-80156-27-9
041 _aENGLISH
082 _A621.4022 P9
100 _a"Venkateshan,S.P"
245 0 _aHeat Transfer
250 _a1st
260 _c2009
_b"Ane Books,New "
_aNew Delhi
500 _aTRANSFERED
650 _aHeat Transfer
_bMechanical
942 _cBK
999 _c184126
_d184126